ბათუმის შოთა რუსთაველის სახელმწიფო უნივერსიტეტის ბიბლიოთეკა

Мировая экономика и международные отношения.№7. 2013. (ბიბ.ჩანაწერი № 41003)

000 -LEADER
fixed length control field 00476nam a2200169Ia 4500
001 - CONTROL NUMBER
control field 7651
003 - CONTROL NUMBER IDENTIFIER
control field GE_BSU
008 - FIXED-LENGTH DATA ELEMENTS--GENERAL INFORMATION
fixed length control field 181216s||||||||xx |||||||||||||| ||und||
040 ## - CATALOGING SOURCE
Transcribing agency GE_BSU
245 ## - TITLE STATEMENT
Title Мировая экономика и международные отношения.№7. 2013.
245 ## - TITLE STATEMENT
Statement of responsibility, etc. Гл. ред. А.В.Рябов. и др.
260 ## - PUBLICATION, DISTRIBUTION, ETC.
Place of publication, distribution, etc. москва.
260 ## - PUBLICATION, DISTRIBUTION, ETC.
Name of publisher, distributor, etc. наука.
260 ## - PUBLICATION, DISTRIBUTION, ETC.
Date of publication, distribution, etc. 2013.июль.
300 ## - PHYSICAL DESCRIPTION
Extent 128ст;29см.
942 ## - ADDED ENTRY ELEMENTS (KOHA)
Koha item type პერიოდიკა
ეგზემპლარები
Withdrawn status Lost status Damaged status Not for loan Date acquired Barcode Date last seen Price effective from Koha item type
        2018-12-17 p75769 2018-12-17 2018-12-17 პერიოდიკა